| 000 | 01286nam a2200409 i 4500 | ||
|---|---|---|---|
| 001 | 43825 | ||
| 003 | KOSZ 005 | ||
| 005 | 20220919152439.0 | ||
| 008 | 030128s2002 pl f f |000 0 pol | ||
| 015 | _aPB 2003/2839 | ||
| 020 | _a8388048570 | ||
| 035 | _a(OCoLC)749329151 | ||
| 040 |
_aWA N _cWA N _dKOSZ 005/HR |
||
| 041 | 0 | _apol | |
| 046 | _k2002 | ||
| 080 | _a336.221.24(438) | ||
| 080 | _a(075.8) | ||
| 100 | 1 |
_aStaniszewski, Mieczysław _eAutor |
|
| 245 | 1 | 0 |
_aOrdynacja podatkowa dla studentów i praktyków / _cMieczysław Staniszewski. |
| 260 |
_aPoznań : _bWydawnictwo Wyższej Szkoły Bankowej, _c2002. |
||
| 300 |
_a410 s. ; _c24 cm. |
||
| 336 |
_2rdacontent _aTekst _btxt |
||
| 337 |
_2rdamedia _aBez urządzenia pośredniczącego _bn |
||
| 338 |
_2rdacarrier _aWolumin _bnc |
||
| 380 | _aKsiążki | ||
| 380 | _aPublikacje dydaktyczne | ||
| 388 | _a2001- | ||
| 648 | _a2001- | ||
| 650 | 4 | _aPodatek | |
| 650 | 4 | _aPrawo podatkowe | |
| 651 | _aPolska | ||
| 655 | 4 | _aPodręczniki akademickie | |
| 658 | _aGospodarka, ekonomia, finanse | ||
| 658 | _aPrawo i wymiar sprawiedliwości | ||
| 856 |
_uhttp://koha.tu.koszalin.pl/cgi-bin/koha/opac-detail.pl?biblionumber=43825 _yKatalogonline BPK |
||
| 942 |
_2UKD _cKS |
||
| 999 |
_c43825 _d43825 |
||